000 00889nac a22002651i 4500
003 EG-ScBUE
005 20241029093100.0
008 241029t2004 maua f b 001 0 eng d
020 _a0321223357
020 _a9780321223357
040 _aEG-ScBUE
_beng
_erda
_cEG-ScBUE
_dEG-ScBUE
082 0 4 _a518
_bLEA
_222
100 1 _aLeader, Jeffery J.,
_eauthor.
245 1 0 _aNumerical analysis and scientific computation /
_cJeffery J. Leader, Rose-Hulman Institute of Technology.
264 1 _aBoston :
_bPearson Addison Wesley,
_c[2004]
264 4 _cc2004
300 _axiii, 590 pages :
_billustrations ;
_c24 cm
336 _2rdacontent
_atext
_btxt
337 _aunmediated
_2rdamedia
_bn
338 _avolume
_bnc
_2rdacarrier
504 _aIncludes bibliographical references and index.
650 7 _aNumerical analysis.
_2BUEsh
655 _vReading book
942 _cBB
_2ddc
999 _c1328
_d1328